[Event "BL2-West 1112"]
[Site "Germany"]
[Date "2011.10.23"]
[Round "2.7"]
[White "Reinderman, Dimitri"]
[Black "Heinbuch, Detlef Ulrich"]
[Result "1-0"]
[WhiteElo "2594"]
[BlackElo "2295"]
[PlyCount "67"]
[EventDate "2011.10.02"]
[EventType "team-tourn"]
[EventRounds "9"]
[EventCountry "GER"]
[SourceTitle "EXT 2015"]
[Source "ChessBase"]
[SourceDate "2014.11.20"]
[SourceVersion "1"]
[SourceVersionDate "2014.11.20"]
[SourceQuality "1"]
[WhiteTeam "Koeln Porz"]
[BlackTeam "Bochum"]
[WhiteTeamCountry "GER"]
[BlackTeamCountry "GER"]

1. c4 c5 2. g3 Nf6 3. Bg2 e6 4. Nf3 b6 5. d4 Bb7 6. d5 d6 7. Nc3 e5 8. 0-0 Be7 9. e4 0-0 10. Ne1 Nbd7 11. f4 Ne8 12. Nf3 a6 13. Rf2 Rb8 14. Bf1 g6 15. Be3 Ng7 16. Bd3 exf4 17. gxf4 Bf6 18. Qd2 Qc7 19. Kh1 Rbe8 20. a4 a5 21. Rg1 Bc8 22. Nb5 Qb8 23. f5 Ne5 24. Bg5 Bxg5 25. Nxg5 f6 26. Nxh7 Nxd3 27. Qxd3 Kxh7 28. Rxg6 Re7 29. Qg3 Rh8 30. Rg2 Qb7 31. Nxd6 Qc7 32. Rxf6 Kg8 33. e5 Rh7 34. e6 1-0

[Event "BL2-West 1011"]
[Site "Germany"]
[Date "2011.04.10"]
[Round "9.7"]
[White "Heinbuch, Detlef Ulrich"]
[Black "Karger, Frank"]
[Result "1/2-1/2"]
[WhiteElo "2296"]
[BlackElo "2255"]
[PlyCount "29"]
[EventDate "2010.10.10"]
[EventType "team-tourn"]
[EventRounds "9"]
[EventCountry "GER"]
[SourceTitle "EXT 2012"]
[Source "ChessBase"]
[SourceDate "2011.11.24"]
[SourceVersion "1"]
[SourceVersionDate "2011.11.24"]
[SourceQuality "1"]
[WhiteTeam "Bochum SV"]
[BlackTeam "Dortmund Hansa"]
[WhiteTeamCountry "GER"]
[BlackTeamCountry "GER"]

1. c4 Nf6 2. g3 g6 3. Bg2 Bg7 4. Nc3 0-0 5. e4 d6 6. Nge2 c5 7. 0-0 Nc6 8. a3 Bd7 9. h3 Ne8 10. Rb1 a5 11. d3 Nc7 12. Kh2 Rb8 13. a4 Ne6 14. Nb5 Ned4 15. b3 1/2-1/2

[Event "BL2-West 1011"]
[Site "Germany"]
[Date "2010.10.10"]
[Round "1.7"]
[White "Steinbacher, Matthias"]
[Black "Heinbuch, Detlef Ulrich"]
[Result "1-0"]
[WhiteElo "2297"]
[BlackElo "2296"]
[PlyCount "83"]
[EventDate "2010.10.10"]
[EventType "team-tourn"]
[EventRounds "9"]
[EventCountry "GER"]
[SourceTitle "EXT 2012"]
[Source "ChessBase"]
[SourceDate "2011.11.24"]
[SourceVersion "1"]
[SourceVersionDate "2011.11.24"]
[SourceQuality "1"]
[WhiteTeam "Gerresheim"]
[BlackTeam "Bochum SV"]
[WhiteTeamCountry "GER"]
[BlackTeamCountry "GER"]

1. Nc3 c5 2. Nf3 Nf6 3. e4 d6 4. Bc4 Nc6 5. d4 cxd4 6. Nxd4 e6 7. 0-0 Be7 8. Bb3 0-0 9. f4 Na5 10. e5 dxe5 11. fxe5 Bc5 12. Be3 Nd7 13. Ne4 Nxb3 14. axb3 Be7 15. Rxf7 Nxe5 16. Rxf8+ Bxf8 17. Qh5 Nf7 18. Rf1 Qe7 19. Ng5 Nxg5 20. Bxg5 Qd7 21. Kh1 a5 22. Bf4 a4 23. bxa4 Rxa4 24. Be5 h6 25. c3 Ra2 26. b4 Qd5 27. Qf7+ Kh7 28. Nf3 Qd8 29. Bd4 Qe7 30. Qf4 Kg8 31. Ne5 Qe8 32. Qg4 Bd7 33. h4 Bc6 34. Nxc6 Qxc6 35. Rxf8+ Kxf8 36. Qxg7+ Ke8 37. Bf6 Qd6 38. Qg8+ Kd7 39. Qd8+ Kc6 40. b5+ Kc5 41. Bd4+ Kd5 42. c4+ 1-0